Bài giảng công trình thủy lợi

Bài giảng gồm 11 chương trình bày những vấn đề chung về hệ thống thủy lợi và phòng chống thủy tai bằng những công trình thủy lợi.

Guardat en:
Dades bibliogràfiques
Autor principal: Trần, Văn Phấn
Format: Llibre
Idioma:Undetermined
Publicat: Cần Thơ Trường Đại học Cần Thơ 2000
Matèries:
Etiquetes: Afegir etiqueta
Sense etiquetes, Sigues el primer a etiquetar aquest registre!
Thư viện lưu trữ: Trung tâm Học liệu Trường Đại học Cần Thơ
LEADER 00792nam a2200193Ia 4500
001 CTU_39163
008 210402s9999 xx 000 0 und d
082 |a 627.14 
082 |b Ph121 
100 |a Trần, Văn Phấn 
245 0 |a Bài giảng công trình thủy lợi 
245 0 |c Trần Văn Phấn (Biên soạn) 
260 |a Cần Thơ 
260 |b Trường Đại học Cần Thơ 
260 |c 2000 
520 |a Bài giảng gồm 11 chương trình bày những vấn đề chung về hệ thống thủy lợi và phòng chống thủy tai bằng những công trình thủy lợi. 
650 |a Irrigation engineering 
904 |i Thùy Trang (sửa) 
980 |a Trung tâm Học liệu Trường Đại học Cần Thơ